Anagrammes toutes mythologies - Statistics

General Stats
  • This quiz has been taken 37 times
  • The average score is 4 of 8
Answer Stats
Hint Answer % Correct
VCULNIA Vulcain
82%
MREHSS Hermes
64%
DINO Odin
61%
SIROIS Osiris
58%
FJYERA Freyja
48%
PROAHTEID Aphrodite
36%
PNOMOE Pomone
15%
PHNETSY Nephtys
9%
No matching quizzes found
Score Distribution
Percent of People with Each Score
Percentile by Number Answered
Your Score History
You have not taken this quiz